Geburtsorte der Weltmeister von 2014 - Statistiken

Allgemein
  • Dieses Quiz wurde 105 mal gespielt
  • Das Durchschnittsergebnis liegt bei 20 aus 24
Antwortstatistiken
Frage Antwort % Korrekt
Shkodran Mustafi Bad Hersfeld
100%
Mats Hummels Bergisch Gladbach
100%
Jerome Boateng Berlin
100%
Kevin Großkreutz Dortmund
100%
Matthias Ginter Freiburg
100%
Manuel Neuer Gelsenkirchen
100%
Mesut Özil Gelsenkirchen
100%
Toni Kroos Greifswald
100%
Benedikt Höwedes Haltern am See
100%
Per Mertesacker Hannover
100%
Bastian Schweinsteiger Kolbermoor
100%
Ron-Robert Zieler Köln
100%
Mario Götze Memmingen
100%
Philipp Lahm München
100%
Miroslav Klose Opole (Polen)
100%
Sami Khedira Stuttgart
100%
Thomas Müller Weilheim in Oberbayern
100%
Roman Weidenfeller Diez
50%
Julian Draxler Gladbeck
50%
Lukas Podolski Gliwice (Polen)
50%
Erik Durm Pirmasens
50%
Joachim Löw Schönau im Schwarzwald
50%
Christoph Kramer Solingen
50%
André Schürrle Ludwigshafen
0%
Keine übereinstimmenden Quizze gefunden
Verteilung der Resultate
Anzahl Personen mit jedem Resultat
Perzentil nach korrekt beantworteten Fragen
Ihre Resultats-Entwicklung
Sie haben dieses Quiz noch nicht gespielt